000 00624nam a2200169 a 4500
001 000017156
005 20240307183814.0
008 100319s1971 dr ab 000 0 spa d
040 _aDO-SdBNP
_bspa
_cBNPHU
082 _axxx
_bM433c
100 1 _a Matos G., Ramiro‏
_q(Matos González)
_d1927-
_937780
245 1 0 _aCurso elemental de lectura de cartas /
_cRamiro Matos González; prólogo Teófilo R. Romero Pumarol.
260 _aSan Isidro, República Dominicana :
_bFuerzas Armadas Dominicana,
_c1971.
300 _a65 p. :
_bil. ; map. ;
_c23 cm.
700 1 _aRomero Pumarol, Teófilo R.
_epról.
_937781
049 _aBNPD
999 _c16682
_d16682